| 000 | 00382nam a2200133Ia 4500 | ||
|---|---|---|---|
| 008 | 250506s9999 xx 000 0 und d | ||
| 024 | _a99B-02-BS3 & 99B-44-BS3 | ||
| 082 | _a005.74072 SYE | ||
| 100 | _aSyed Hammad Ali &Sheeraz Kaleem | ||
| 245 | 0 | _aData Base Genie | |
| 260 |
_aKarachi: _bUIT, _c1999 |
||
| 600 | _aComputer Science | ||
| 650 | _aBachelor of Computer Science (BS) | ||
| 999 |
_c28629 _d28629 |
||